00682nam a2200241 a 4500001001300000003000900013005001700022008004100039020001000080082001600090100002000106245002000126260003100146300000900177500003500186505003500221650001700256700002000273902000800293942000700301952011700308999001500425nice12345678IN_TiNIC20260116012649.0050524s0000 dela grp 000 0 urd  ac10000a491.44bNAJ aNajaf, Ali Khan aAhsan-Ul-Qawaid aDelhibMatba Mujtabac0000 a224p aincludes index and biblioraphy2 aHebrew Grammar {New Testament} aUrdu-Grammar1 aNajaf, Ali Khan bSRS cBK 001040708StackRoom-aHMIbHMId2007-06-08g100.00l0o491.44 NAJp010429r2007-06-08v100.00w2005-05-24yBK c7863d7863